<A> note on human capital accumulation an unemployment.

Úvaha o tom, ako sa na nezamestnanosť dopláca znížením efektívnosti. Na základe jednoduchého dvojperiódového modelu sa poukazuje na to, že vo fáze recesie pohotovosť k dobrovoľnej práci klesá a možnosti zlepšiť prácu sa zhoršujú. Z tohoto vyplývajú ďalšie náklady na nezamestanosť.

Guardado en:
Detalles Bibliográficos
Autor principal: Pichler, E.
Formato: Capítulo de libro
Lenguaje:inglés
Materias:
Etiquetas: Agregar Etiqueta
Sin Etiquetas, Sea el primero en etiquetar este registro!

MARC

LEADER 00000naa a2200000 4500
001 r006975
005 20221130103434.2
041 0 |a eng 
044 |a DE 
245 1 0 |a <A> note on human capital accumulation an unemployment.  |c E. Pichler 
520 |a Úvaha o tom, ako sa na nezamestnanosť dopláca znížením efektívnosti. Na základe jednoduchého dvojperiódového modelu sa poukazuje na to, že vo fáze recesie pohotovosť k dobrovoľnej práci klesá a možnosti zlepšiť prácu sa zhoršujú. Z tohoto vyplývajú ďalšie náklady na nezamestanosť. 
610 2 0 |a nezamestnanosť 
610 2 0 |a modely ekonomické 
610 2 0 |a recesia 
610 2 0 |a efektívnosť práce 
610 2 0 |a náklady 
610 2 0 |a výskum ekonomický 
100 1 |a Pichler, E.